header

Linked data tools (Record no. 9044)

MARC details
000 -LEADER
fixed length control field 01275nam a2200313 a 4500
001 - CONTROL NUMBER
control field ebr10695235
003 - CONTROL NUMBER IDENTIFIER
control field CaPaEBR
006 - FIXED-LENGTH DATA ELEMENTS--ADDITIONAL MATERIAL CHARACTERISTICS--GENERAL INFORMATION
fixed length control field m u
007 - PHYSICAL DESCRIPTION FIXED FIELD--GENERAL INFORMATION
fixed length control field cr cn|||||||||
008 - FIXED-LENGTH DATA ELEMENTS--GENERAL INFORMATION
fixed length control field 130516s2012 ilua sb 000 0 eng d
020 ## - INTERNATIONAL STANDARD BOOK NUMBER
Cancelled/invalid ISBN 9780838958599
Cancelled/invalid ISBN 9780838994290 (e-book)
040 ## - CATALOGING SOURCE
Original cataloging agency CaPaEBR
Transcribing agency CaPaEBR
035 ## - SYSTEM CONTROL NUMBER
System control number (OCoLC)820484415
050 14 - LIBRARY OF CONGRESS CALL NUMBER
Classification number ZA4240
Item number .C69 2012eb
100 1# - MAIN ENTRY--PERSONAL NAME
Personal name Coyle, Karen.
245 10 - TITLE STATEMENT
Title Linked data tools
Medium [electronic resource] :
Remainder of title connecting on the web /
Statement of responsibility, etc Karen Coyle.
260 ## - PUBLICATION, DISTRIBUTION, ETC. (IMPRINT)
Place of publication, distribution, etc Chicago :
Name of publisher, distributor, etc ALA TechSource,
Date of publication, distribution, etc 2012.
300 ## - PHYSICAL DESCRIPTION
Extent 46 p. :
Other physical details ill. (some col.).
490 1# - SERIES STATEMENT
Series statement Library technology reports : expert guides to library systems and services,
International Standard Serial Number 0024-2586 ;
Volume number/sequential designation v. 48, no. 4
504 ## - BIBLIOGRAPHY, ETC. NOTE
Bibliography, etc Includes bibliographical references.
533 ## - REPRODUCTION NOTE
Type of reproduction Electronic reproduction.
Place of reproduction Palo Alto, Calif. :
Agency responsible for reproduction ebrary,
Date of reproduction 2013.
Note about reproduction Available via World Wide Web.
-- Access may be limited to ebrary affiliated libraries.
650 #0 - SUBJECT ADDED ENTRY--TOPICAL TERM
Topical term or geographic name as entry element Semantic Web.
Topical term or geographic name as entry element Online library catalogs.
655 #7 - INDEX TERM--GENRE/FORM
Genre/form data or focus term Electronic books.
Source of term local
710 2# - ADDED ENTRY--CORPORATE NAME
Corporate name or jurisdiction name as entry element ebrary, Inc.
830 #0 - SERIES ADDED ENTRY--UNIFORM TITLE
Uniform title Library technology reports ;
Volume number/sequential designation v. 48, no. 4.
856 40 - ELECTRONIC LOCATION AND ACCESS
Uniform Resource Identifier <a href="http://site.ebrary.com/lib/rucke/Doc?id=10695235">http://site.ebrary.com/lib/rucke/Doc?id=10695235</a>
Public note An electronic book accessible through the World Wide Web; click to view

No items available.

© 2026 Rongo University
Contact us: librarian | system librarian | Rongo university